প্রশ্নোত্তরে বিজ্ঞানের কী ও কেন ? / (Record no. 13131)
[ view plain ]
| 000 -LEADER | |
|---|---|
| fixed length control field | 00821nam a2200241 a 4500 |
| 001 - CONTROL NUMBER | |
| JCCL Control Number | 13131 |
| 003 - CONTROL NUMBER IDENTIFIER | |
| JCCL marc code | BD-JhCC |
| 005 - DATE AND TIME OF LATEST TRANSACTION | |
| control field | 20230712084714.0 |
| 008 - FIXED-LENGTH DATA ELEMENTS--GENERAL INFORMATION | |
| fixed length control field | 230623s2023 bg a|||| |a|| 000 0 ben d |
| 020 ## - INTERNATIONAL STANDARD BOOK NUMBER | |
| International Standard Book Number | 9789849721376 |
| 035 ## - SYSTEM CONTROL NUMBER | |
| system control number | (BD-JhCC)13131 |
| 040 ## - CATALOGING SOURCE | |
| Original cataloging agency | BD-JhCC |
| Modifying agency | BD-JhCC |
| 041 ## - LANGUAGE CODE | |
| Language code of Book | ben |
| 082 ## - DEWEY DECIMAL CLASSIFICATION NUMBER | |
| Classification number | 500 |
| Author mark and Year | KYM 2023 |
| 100 ## - MAIN ENTRY--PERSONAL NAME | |
| Personal name | কাইয়ুম, আব্দুল |
| 245 ## - TITLE STATEMENT | |
| Title | প্রশ্নোত্তরে বিজ্ঞানের কী ও কেন ? / |
| Statement of responsibility, etc | আব্দুল কাইয়ুম |
| 260 ## - PUBLICATION, DISTRIBUTION, ETC. (IMPRINT) | |
| Place of publication, distribution, etc | ঢাকা : |
| Name of publisher, distributor, etc | প্রথমা প্রকাশ, |
| Date of publication, distribution, etc | ২০২৩. |
| 300 ## - PHYSICAL DESCRIPTION | |
| Pagination | ১৩৫ p. : |
| Other physical details | ill. ; |
| Dimensions | ২১ সেমি.. |
| 504 ## - BIBLIOGRAPHY, ETC. NOTE | |
| Bibliography, etc | গ্রন্থপঞ্জি সংযোজিত। |
| 650 ## - SUBJECT ADDED ENTRY--TOPICAL TERM | |
| Topical term or geographic name as entry element | Science |
| 942 ## - ADDED ENTRY ELEMENTS (KOHA) | |
| Source of classification or shelving scheme | Dewey Decimal Classification |
| Koha item type | Books |
| Koha issues (borrowed), all copies | 1 |
| Source of classification or shelving scheme | Damaged status | Not for loan | Home library | Current library | Shelving location | Date of accession | Cost, normal purchase price | Total Checkouts | Full call number | Barcode | Date last seen | Copy number | Method of acquisition | Koha item type | Currency |
|---|---|---|---|---|---|---|---|---|---|---|---|---|---|---|---|
| Dewey Decimal Classification | JCC Rouf Library | JCC Rouf Library | General Stacks | 06/23/2023 | 363.00 | 500 KYM 2023 | 17982 | 07/12/2023 | C-1 | Purchase | Books | BDT |